[Event "IECC TH-T email"]
[Site "IECC email"]
[Date "2001.12.22"]
[Round "?"]
[White "Gregson, Dan"]
[Black "Jeffrey, Jack Thomas"]
[Result "0-1"]
[WhiteElo "1160"]
[BlackElo "1035"]
[PlyCount "90"]
[EventDate "2001.??.??"]
[EventType "match (corr)"]
[EventRounds "2"]
[SourceTitle "Corr 2008"]
[Source "ChessBase"]
[SourceDate "2008.06.24"]
[SourceVersion "1"]
[SourceVersionDate "2008.06.24"]
[SourceQuality "1"]

1. e4 c5 2. Nf3 d6 3. d4 cxd4 4. Nxd4 Nf6 5. Nc3 g6 6. Be3 Bg7 7. Qd2 Nc6 8. Nxc6 bxc6 9. Bh6 0-0 10. Bxg7 Kxg7 11. Be2 Rb8 12. h4 Rxb2 13. h5 Qa5 14. Rb1 Rxb1+ 15. Nxb1 Qxd2+ 16. Nxd2 Be6 17. h6+ Kg8 18. 0-0 Bxa2 19. Ra1 Be6 20. Rxa7 Bd7 21. f3 c5 22. g4 Rd8 23. Nc4 Re8 24. g5 Nh5 25. Rxd7 Nf4 26. Bf1 Ne6 27. e5 dxe5 28. Nxe5 Nxg5 29. Bc4 e6 30. Kg2 Rf8 31. Kg3 f6 32. Rg7+ Kh8 33. Kg4 fxe5 34. Re7 Nf7 35. Bxe6 Nxh6+ 36. Kg5 Nf5 37. Rc7 Ng7 38. Bg4 h5 39. Bc8 Kh7 40. Rxc5 Rxf3 41. c4 Rf8 42. Rc7 e4 43. Be6 e3 44. Re7 Re8 45. Kf6 Rxe7 0-1